000 00593nam a2200157 4500
005 20260304165801.0
008 260304b |||||||| |||| 00| 0 eng d
020 _a9781648894695
082 _aAV-Eb 741.2 K672 R311 2022
245 _aResearching the Teaching of Drawing /
_cedited by Raymond M. Klein.
260 _aWilmington, Delaware, United States :
_bVernon Art and Science Inc.,
_c©2022.
300 _a212 pages.
650 0 _aDrawing
_vStudy and teaching.
_969957
856 _yhttps://ebookcentral.proquest.com/lib/uniofmindanao-ebooks/detail.action?docID=6979105
942 _2ddc
_cEB
999 _c24408
_d24408